El marco conceptual de la información financiera (IASC) (Registro nro. 896)
[ vista simple ]
| 000 -LEADER | |
|---|---|
| fixed length control field | 01500 a2200217 4500 |
| 001 - CONTROL NUMBER | |
| control field | 22097 |
| 005 - DATE AND TIME OF LATEST TRANSACTION | |
| control field | 20260407155509.0 |
| 008 - FIXED-LENGTH DATA ELEMENTS--GENERAL INFORMATION | |
| fixed length control field | 260407a1996 arg spa d |
| 003 - CONTROL NUMBER IDENTIFIER | |
| control field | AR-UNSa-BCEJYS |
| 040 ## - CATALOGING SOURCE | |
| Original cataloging agency | AR-UNSa-BCEJYS |
| Language of cataloging | spa |
| Transcribing agency | AR-UNSa-BCEJYS |
| 080 ## - UNIVERSAL DECIMAL CLASSIFICATION NUMBER | |
| Universal Decimal Classification number | 657.41 |
| Common auxiliary subdivision | Contabilidad Financiera |
| 020 ## - INTERNATIONAL STANDARD BOOK NUMBER | |
| International Standard Book Number | 84-89328-54-4 |
| 100 1# - MAIN ENTRY--PERSONAL NAME | |
| Personal name | Tua Pereda, Jorge |
| 245 10 - TITLE STATEMENT | |
| Title | El marco conceptual de la información financiera (IASC) |
| 264 #1 - PRODUCTION, PUBLICATION, DISTRIBUTION, MANUFACTURE, AND COPYRIGHT NOTICE | |
| Place of production, publication, distribution, manufacture | Madrid : |
| Name of producer, publisher, distributor, manufacturer | Instituto de Auditores - Censores Jurados de Cuentas de España |
| Date of production, publication, distribution, manufacture, or copyright notice | 1996 |
| 300 ## - PHYSICAL DESCRIPTION | |
| Extent | 295 p. |
| Dimensions | 24 cm. |
| 505 ## - FORMATTED CONTENTS NOTE | |
| Formatted contents note | 1. Introducción - 2. Características y actividades del IASC - 3. El soporte teórico de la regulación contable.Antecedentes del marco conceptual - 4. Contenido y utilidad del marco conceptual - 5. Características generales del marco conceptual del IASC - 6. Los elementos externos al sistema contable - 7. Objetivos de los estados financieros - 8. Hipótesis fundamentales - 9. Características cualitativas - 10. Elementos de los estados financieros - 11. Reconocimiento de los elementos de los estados financieros - 12. Medida de los elementos de los estados financieros - 13. Conceptos de capital y su mantenimiento - 14. Esquemas de recapitulación - 15. Normas internacionales de contabilidad emitidas por el IASC - 16. Test de autoevaluación. |
| 590 ## - LOCAL NOTE (RLIN) | |
| Local note | niveau_biblio:m niveau_hierar:0 |
| 856 41 - ELECTRONIC LOCATION AND ACCESS | |
| Uniform Resource Identifier | <a href="https://biblioeco.unsa.edu.ar/pmb/images/libros/Escuela de Auditoria.jpg">https://biblioeco.unsa.edu.ar/pmb/images/libros/Escuela de Auditoria.jpg</a> |
| Link text | Imagen de portada |
| Electronic format type | image/jpeg |
| 942 ## - ADDED ENTRY ELEMENTS (KOHA) | |
| Koha item type | |
| Withdrawn status | Lost status | Damaged status | Not for loan | Home library | Current library | Shelving location | Date acquired | Total checkouts | Full call number | Barcode | Date last seen | Price effective from | Koha item type |
|---|---|---|---|---|---|---|---|---|---|---|---|---|---|
| Biblioteca Prof. Eusebio Cleto del Rey | Biblioteca Prof. Eusebio Cleto del Rey | 07/04/2026 | P657 T883 | L119463 | 07/04/2026 | 07/04/2026 | Libro |